{"text_format":"3","workbook":"xlsx","n_sheets":1,"sheets":["finance_data"],"read":"whole","date_system":"1900"}

{"sheet":"finance_data","index":0,"n_rows":201,"n_cols":14,"rows_kept":201}
["TransactionID","TransactionDate","Department","Process","Region","VendorType","ExpenseCategory","PaymentMode","Units","UnitCost","ApprovedBudget","ActualCost","ProcessingDays","ProcessQualityScore"]
["TX0001","2025-02-02","IT","Procurement","South","Contract","Subscriptions","Online",23,500,12936,11500,5,2]
["TX0002","2025-02-03","Procurement","Training","North","External","Subscriptions","Bank Transfer",9,2500,25154,22500,2,4]
["TX0003","2025-02-04","HR","Maintenance","North","Internal","CapEx","Online",17,8000,134009,136000,2,5]
["TX0004","2025-02-05","Operations","Support","North","Internal","Subscriptions","Bank Transfer",4,500,1986,2000,4,2]
["TX0005","2025-02-06","Operations","Procurement","West","Internal","Services","Cheque",38,5000,205159,190000,6,2]
["TX0006","2025-02-07","IT","Licensing","North","Contract","Subscriptions","Bank Transfer",3,500,1617,1500,3,3]
["TX0007","2025-02-08","IT","Licensing","East","Internal","CapEx","Bank Transfer",47,1000,49609,47000,5,2]
["TX0008","2025-02-09","Finance","Procurement","East","External","OpEx","Online",45,1000,50019,45000,7,4]
["TX0009","2025-02-10","Procurement","Procurement","North","Internal","OpEx","Cheque",30,500,14724,15000,10,4]
["TX0010","2025-02-11","Procurement","Training","West","External","Subscriptions","Cheque",34,2500,81346,85000,3,4]
["TX0011","2025-02-12","Finance","Licensing","North","External","OpEx","Bank Transfer",21,1000,23695,21000,3,3]
["TX0012","2025-02-13","HR","Procurement","North","Internal","Subscriptions","Online",18,8000,166800,144000,6,2]
["TX0013","2025-02-14","Procurement","Procurement","West","Internal","OpEx","Bank Transfer",10,500,5604,5000,10,4]
["TX0014","2025-02-15","Finance","Procurement","West","External","CapEx","Bank Transfer",32,1000,29086,32000,4,2]
["TX0015","2025-02-16","HR","Training","West","External","OpEx","Bank Transfer",2,500,966,1000,3,4]
["TX0016","2025-02-17","Procurement","Procurement","North","Internal","Services","Online",6,2500,13774,15000,9,5]
["TX0017","2025-02-18","HR","Maintenance","North","Internal","CapEx","Online",27,2500,68960,67500,6,2]
["TX0018","2025-02-19","Finance","Procurement","West","Internal","OpEx","Cheque",41,1000,38471,41000,2,5]
["TX0019","2025-02-20","IT","Procurement","North","Internal","OpEx","Online",44,500,24129,22000,10,2]
["TX0020","2025-02-21","Procurement","Support","West","Internal","CapEx","Bank Transfer",12,5000,59359,60000,7,2]
["TX0021","2025-02-22","Finance","Maintenance","East","External","Subscriptions","Cheque",31,5000,163700,155000,1,4]
["TX0022","2025-02-23","HR","Training","East","Internal","OpEx","Online",6,5000,30429,30000,2,4]
["TX0023","2025-02-24","IT","Support","West","Internal","Subscriptions","Bank Transfer",29,1000,31487,29000,4,4]
["TX0024","2025-02-25","HR","Maintenance","North","External","Subscriptions","Cheque",39,2500,87933,97500,5,3]
["TX0025","2025-02-26","Procurement","Training","West","Internal","Subscriptions","Bank Transfer",46,8000,352483,368000,8,2]
["TX0026","2025-02-27","Procurement","Training","West","Internal","CapEx","Cheque",34,1000,39221,34000,2,5]
["TX0027","2025-02-28","Operations","Training","North","Contract","Subscriptions","Online",2,1000,2385,2000,5,2]
["TX0028","2025-03-01","Finance","Training","North","Contract","Subscriptions","Bank Transfer",46,1000,42868,46000,10,3]
["TX0029","2025-03-02","Operations","Licensing","West","Internal","Services","Cheque",14,8000,118887,112000,1,4]
["TX0030","2025-03-03","HR","Licensing","West","External","OpEx","Online",22,1000,19828,22000,3,2]
["TX0031","2025-03-04","Finance","Procurement","North","Internal","CapEx","Bank Transfer",38,500,18683,19000,4,5]
["TX0032","2025-03-05","Operations","Maintenance","South","Internal","OpEx","Cheque",34,500,19204,17000,1,3]
["TX0033","2025-03-06","HR","Maintenance","North","Internal","Services","Cheque",43,2500,103959,107500,4,3]
["TX0034","2025-03-07","Procurement","Support","South","Internal","Subscriptions","Cheque",22,2500,51432,55000,5,5]
["TX0035","2025-03-08","HR","Support","East","Contract","CapEx","Cheque",37,8000,316266,296000,3,3]
["TX0036","2025-03-09","Finance","Support","North","External","Services","Bank Transfer",22,500,12362,11000,4,2]
["TX0037","2025-03-10","Operations","Training","West","Contract","Services","Online",17,1000,19206,17000,8,5]
["TX0038","2025-03-11","Operations","Maintenance","West","Contract","Services","Bank Transfer",25,1000,28192,25000,10,5]
["TX0039","2025-03-12","Procurement","Training","West","External","Subscriptions","Online",50,5000,263914,250000,8,5]
["TX0040","2025-03-13","Finance","Licensing","South","External","CapEx","Online",42,1000,45037,42000,6,2]
["TX0041","2025-03-14","IT","Training","North","Contract","Services","Online",43,5000,241286,215000,7,2]
["TX0042","2025-03-15","Procurement","Procurement","West","External","CapEx","Cheque",18,5000,105799,90000,6,5]
["TX0043","2025-03-16","HR","Procurement","North","External","OpEx","Online",35,8000,286868,280000,6,4]
["TX0044","2025-03-17","IT","Training","East","Internal","CapEx","Online",26,5000,117598,130000,6,3]
["TX0045","2025-03-18","Finance","Support","North","External","Services","Online",35,8000,258764,280000,7,4]
["TX0046","2025-03-19","HR","Training","South","Contract","OpEx","Bank Transfer",14,8000,102040,112000,1,4]
["TX0047","2025-03-20","Operations","Procurement","West","Contract","Services","Online",27,1000,27127,27000,6,3]
["TX0048","2025-03-21","Finance","Maintenance","South","External","OpEx","Online",19,1000,17509,19000,4,3]
["TX0049","2025-03-22","Procurement","Procurement","West","External","OpEx","Cheque",38,500,18508,19000,6,4]
["TX0050","2025-03-23","IT","Licensing","West","Contract","CapEx","Online",2,5000,11178,10000,2,2]
["TX0051","2025-03-24","Finance","Procurement","West","Internal","Subscriptions","Cheque",33,500,18334,16500,9,4]
["TX0052","2025-03-25","Operations","Procurement","West","Contract","Subscriptions","Cheque",13,2500,37842,32500,10,4]
["TX0053","2025-03-26","Operations","Maintenance","West","External","CapEx","Bank Transfer",23,1000,22397,23000,8,5]
["TX0054","2025-03-27","Finance","Licensing","East","Contract","Services","Bank Transfer",45,1000,43558,45000,4,3]
["TX0055","2025-03-28","HR","Maintenance","West","Internal","OpEx","Cheque",8,1000,8447,8000,2,2]
["TX0056","2025-03-29","Procurement","Procurement","East","External","Subscriptions","Bank Transfer",7,5000,38718,35000,3,5]
["TX0057","2025-03-30","IT","Support","West","Internal","OpEx","Online",14,5000,75111,70000,8,3]
["TX0058","2025-03-31","IT","Support","West","External","CapEx","Bank Transfer",26,5000,134484,130000,2,3]
["TX0059","2025-04-01","IT","Support","North","Internal","CapEx","Online",41,500,18639,20500,6,4]
["TX0060","2025-04-02","HR","Procurement","South","Contract","Subscriptions","Cheque",47,5000,245430,235000,5,5]
["TX0061","2025-04-03","HR","Training","West","Contract","Services","Cheque",1,5000,5729,5000,5,3]
["TX0062","2025-04-04","Operations","Licensing","North","External","OpEx","Online",21,500,12426,10500,5,2]
["TX0063","2025-04-05","Finance","Procurement","South","Internal","CapEx","Bank Transfer",49,1000,55880,49000,3,4]
["TX0064","2025-04-06","Procurement","Licensing","East","Internal","OpEx","Cheque",45,500,20652,22500,3,5]
["TX0065","2025-04-07","IT","Licensing","East","Internal","Subscriptions","Cheque",26,5000,123130,130000,8,2]
["TX0066","2025-04-08","Finance","Maintenance","West","Internal","Services","Cheque",10,8000,94108,80000,10,4]
["TX0067","2025-04-09","Procurement","Procurement","South","External","CapEx","Online",40,1000,37868,40000,4,3]
["TX0068","2025-04-10","Finance","Procurement","East","Internal","OpEx","Cheque",31,8000,260296,248000,4,2]
["TX0069","2025-04-11","Procurement","Maintenance","North","Internal","Subscriptions","Cheque",50,500,24386,25000,1,3]
["TX0070","2025-04-12","IT","Support","North","Contract","OpEx","Online",25,8000,213318,200000,5,2]
["TX0071","2025-04-13","HR","Maintenance","South","Internal","CapEx","Cheque",30,5000,150219,150000,10,3]
["TX0072","2025-04-14","HR","Training","West","External","Subscriptions","Bank Transfer",19,5000,94261,95000,2,2]
["TX0073","2025-04-15","HR","Support","West","External","Subscriptions","Cheque",40,2500,107229,100000,3,5]
["TX0074","2025-04-16","Finance","Maintenance","North","Internal","Subscriptions","Online",37,2500,102802,92500,8,4]
["TX0075","2025-04-17","HR","Procurement","North","External","OpEx","Cheque",31,2500,72499,77500,6,2]
["TX0076","2025-04-18","HR","Licensing","North","Contract","Services","Online",9,8000,69594,72000,4,4]
["TX0077","2025-04-19","Operations","Training","North","Internal","CapEx","Bank Transfer",33,2500,81799,82500,9,3]
["TX0078","2025-04-20","Procurement","Procurement","South","Internal","CapEx","Bank Transfer",40,2500,114408,100000,6,5]
["TX0079","2025-04-21","IT","Training","North","Internal","CapEx","Bank Transfer",48,2500,111576,120000,6,2]
["TX0080","2025-04-22","HR","Procurement","North","Internal","CapEx","Online",41,2500,118618,102500,2,4]
["TX0081","2025-04-23","IT","Maintenance","North","External","OpEx","Bank Transfer",50,8000,462511,400000,10,4]
["TX0082","2025-04-24","Procurement","Training","East","Contract","OpEx","Online",29,2500,86289,72500,1,3]
["TX0083","2025-04-25","Procurement","Training","West","Internal","OpEx","Bank Transfer",7,2500,15786,17500,1,5]
["TX0084","2025-04-26","Finance","Licensing","North","Contract","Subscriptions","Online",38,5000,226521,190000,8,3]
["TX0085","2025-04-27","Finance","Procurement","West","Contract","OpEx","Bank Transfer",38,1000,43268,38000,2,3]
["TX0086","2025-04-28","Operations","Procurement","South","Contract","Subscriptions","Online",36,5000,170934,180000,5,3]
["TX0087","2025-04-29","Operations","Support","East","Internal","CapEx","Bank Transfer",46,500,25292,23000,6,5]
["TX0088","2025-04-30","HR","Licensing","South","Contract","Services","Bank Transfer",35,5000,200368,175000,2,3]
["TX0089","2025-05-01","Procurement","Licensing","South","External","OpEx","Online",46,5000,221086,230000,6,5]
["TX0090","2025-05-02","Procurement","Licensing","East","External","CapEx","Online",21,5000,100757,105000,4,3]
["TX0091","2025-05-03","Operations","Training","North","External","Services","Online",28,500,16377,14000,6,4]
["TX0092","2025-05-04","HR","Support","North","External","Subscriptions","Online",1,8000,7988,8000,9,4]
["TX0093","2025-05-05","HR","Procurement","West","External","Services","Bank Transfer",28,500,14535,14000,6,4]
["TX0094","2025-05-06","Operations","Maintenance","North","External","CapEx","Online",50,500,25564,25000,7,4]
["TX0095","2025-05-07","Operations","Licensing","West","Contract","OpEx","Cheque",40,2500,96331,100000,4,3]
["TX0096","2025-05-08","Finance","Licensing","East","External","Services","Cheque",6,1000,5621,6000,2,2]
["TX0097","2025-05-09","Operations","Licensing","West","Contract","Subscriptions","Online",47,500,24158,23500,1,5]
["TX0098","2025-05-10","Operations","Licensing","East","Contract","CapEx","Bank Transfer",23,2500,53915,57500,1,2]
["TX0099","2025-05-11","Procurement","Support","South","Contract","Subscriptions","Bank Transfer",6,8000,54195,48000,10,3]
["TX0100","2025-05-12","IT","Procurement","South","Contract","CapEx","Online",20,2500,55148,50000,3,3]
["TX0101","2025-05-13","Finance","Licensing","East","Contract","CapEx","Online",1,2500,2545,2500,3,4]
["TX0102","2025-05-14","HR","Support","East","Contract","Services","Bank Transfer",7,5000,33295,35000,3,2]
["TX0103","2025-05-15","Operations","Support","South","External","Services","Cheque",4,1000,4381,4000,5,3]
["TX0104","2025-05-16","Finance","Licensing","South","Internal","Services","Cheque",39,2500,115826,97500,7,4]
["TX0105","2025-05-17","Procurement","Training","North","Internal","Services","Online",3,500,1689,1500,2,5]
["TX0106","2025-05-18","HR","Licensing","North","Internal","OpEx","Bank Transfer",8,5000,36950,40000,4,2]
["TX0107","2025-05-19","IT","Maintenance","East","Contract","Subscriptions","Bank Transfer",47,1000,54411,47000,2,5]
["TX0108","2025-05-20","IT","Training","West","Contract","Services","Cheque",15,500,7755,7500,5,2]
["TX0109","2025-05-21","HR","Support","East","Contract","Services","Bank Transfer",44,1000,43458,44000,6,5]
["TX0110","2025-05-22","HR","Support","North","Contract","OpEx","Online",8,5000,47994,40000,6,4]
["TX0111","2025-05-23","IT","Support","East","Contract","Services","Online",2,5000,11430,10000,1,5]
["TX0112","2025-05-24","Finance","Licensing","West","Contract","Subscriptions","Cheque",1,2500,2391,2500,4,2]
["TX0113","2025-05-25","IT","Maintenance","South","External","CapEx","Online",29,5000,132524,145000,1,5]
["TX0114","2025-05-26","Finance","Support","West","Contract","CapEx","Online",3,500,1435,1500,8,3]
["TX0115","2025-05-27","Operations","Maintenance","East","Contract","CapEx","Cheque",43,500,23570,21500,7,5]
["TX0116","2025-05-28","IT","Maintenance","West","External","OpEx","Online",50,8000,461900,400000,4,3]
["TX0117","2025-05-29","Finance","Licensing","East","Contract","Services","Bank Transfer",30,5000,175669,150000,7,5]
["TX0118","2025-05-30","Procurement","Maintenance","West","Internal","Subscriptions","Bank Transfer",10,1000,10292,10000,10,2]
["TX0119","2025-05-31","Operations","Procurement","North","Contract","Services","Cheque",9,500,4906,4500,6,2]
["TX0120","2025-06-01","IT","Licensing","North","Internal","Services","Bank Transfer",4,1000,3733,4000,1,3]
["TX0121","2025-06-02","Finance","Licensing","East","Contract","OpEx","Bank Transfer",40,1000,41593,40000,1,5]
["TX0122","2025-06-03","Procurement","Support","South","Contract","Subscriptions","Cheque",40,1000,39203,40000,1,3]
["TX0123","2025-06-04","Operations","Procurement","North","External","OpEx","Online",25,5000,141674,125000,1,2]
["TX0124","2025-06-05","HR","Procurement","East","Internal","Services","Online",47,8000,410613,376000,4,5]
["TX0125","2025-06-06","IT","Training","West","Contract","OpEx","Bank Transfer",41,8000,318391,328000,6,2]
["TX0126","2025-06-07","IT","Training","South","Contract","Subscriptions","Bank Transfer",6,500,3442,3000,4,2]
["TX0127","2025-06-08","Operations","Support","East","External","Services","Online",9,5000,52929,45000,3,2]
["TX0128","2025-06-09","Operations","Maintenance","North","Contract","CapEx","Bank Transfer",2,1000,2347,2000,3,2]
["TX0129","2025-06-10","Procurement","Maintenance","South","External","Services","Online",25,5000,132008,125000,8,5]
["TX0130","2025-06-11","IT","Procurement","East","External","Subscriptions","Bank Transfer",1,5000,5165,5000,5,2]
["TX0131","2025-06-12","Operations","Training","North","Contract","OpEx","Online",17,5000,101367,85000,8,2]
["TX0132","2025-06-13","Procurement","Support","West","Internal","Subscriptions","Online",44,500,25494,22000,8,2]
["TX0133","2025-06-14","HR","Support","East","External","OpEx","Online",37,2500,108236,92500,10,3]
["TX0134","2025-06-15","HR","Support","West","External","Services","Online",19,500,8840,9500,1,3]
["TX0135","2025-06-16","Operations","Maintenance","East","Internal","OpEx","Cheque",3,1000,3461,3000,6,3]
["TX0136","2025-06-17","HR","Procurement","West","Internal","Services","Bank Transfer",30,2500,68365,75000,4,5]
["TX0137","2025-06-18","Finance","Training","West","Contract","Services","Online",20,1000,20022,20000,2,5]
["TX0138","2025-06-19","HR","Licensing","South","Internal","Services","Bank Transfer",7,2500,19966,17500,5,3]
["TX0139","2025-06-20","HR","Support","North","Contract","OpEx","Bank Transfer",16,500,8014,8000,6,5]
["TX0140","2025-06-21","Finance","Training","South","Internal","Services","Cheque",11,5000,63320,55000,10,4]
["TX0141","2025-06-22","IT","Training","South","Contract","Subscriptions","Bank Transfer",16,500,7726,8000,10,3]
["TX0142","2025-06-23","Operations","Licensing","West","Internal","CapEx","Bank Transfer",12,500,6004,6000,4,5]
["TX0143","2025-06-24","Operations","Licensing","East","External","CapEx","Bank Transfer",37,8000,296231,296000,10,5]
["TX0144","2025-06-25","Procurement","Maintenance","East","External","Services","Online",22,8000,203048,176000,6,3]
["TX0145","2025-06-26","Finance","Support","West","Contract","OpEx","Online",14,8000,127049,112000,8,4]
["TX0146","2025-06-27","Finance","Maintenance","North","Contract","CapEx","Cheque",39,500,21538,19500,2,2]
["TX0147","2025-06-28","Procurement","Maintenance","West","Contract","CapEx","Cheque",44,500,22685,22000,9,5]
["TX0148","2025-06-29","HR","Licensing","South","Contract","Services","Cheque",9,1000,10389,9000,8,3]
["TX0149","2025-06-30","Operations","Support","South","Internal","Subscriptions","Bank Transfer",14,500,7105,7000,4,2]
["TX0150","2025-07-01","Operations","Procurement","North","External","Services","Cheque",41,500,19933,20500,7,5]
["TX0151","2025-07-02","HR","Maintenance","East","Internal","CapEx","Cheque",31,1000,29354,31000,5,2]
["TX0152","2025-07-03","IT","Support","West","Contract","Subscriptions","Bank Transfer",36,8000,293571,288000,1,2]
["TX0153","2025-07-04","Finance","Maintenance","North","Contract","Subscriptions","Cheque",50,5000,236824,250000,1,3]
["TX0154","2025-07-05","Operations","Support","West","Internal","OpEx","Online",12,1000,11030,12000,4,2]
["TX0155","2025-07-06","Procurement","Procurement","South","External","Services","Bank Transfer",16,1000,18432,16000,4,2]
["TX0156","2025-07-07","Procurement","Maintenance","North","Internal","CapEx","Bank Transfer",32,500,18171,16000,2,4]
["TX0157","2025-07-08","Finance","Licensing","East","External","Services","Online",16,5000,78326,80000,1,4]
["TX0158","2025-07-09","Procurement","Training","East","External","OpEx","Bank Transfer",35,1000,40829,35000,5,5]
["TX0159","2025-07-10","IT","Support","North","Internal","OpEx","Online",34,2500,96630,85000,1,2]
["TX0160","2025-07-11","Finance","Licensing","South","External","Subscriptions","Online",40,500,20233,20000,2,5]
["TX0161","2025-07-12","Finance","Training","South","External","OpEx","Bank Transfer",3,5000,14061,15000,7,5]
["TX0162","2025-07-13","IT","Training","South","Internal","Subscriptions","Cheque",28,1000,32445,28000,4,5]
["TX0163","2025-07-14","Procurement","Licensing","North","External","CapEx","Bank Transfer",46,8000,426990,368000,9,2]
["TX0164","2025-07-15","Procurement","Training","North","External","Services","Online",41,8000,357841,328000,6,4]
["TX0165","2025-07-16","IT","Training","West","External","Subscriptions","Online",3,1000,2720,3000,3,4]
["TX0166","2025-07-17","Operations","Procurement","East","External","Subscriptions","Cheque",13,5000,67486,65000,4,4]
["TX0167","2025-07-18","HR","Licensing","South","Internal","CapEx","Online",9,5000,53533,45000,7,5]
["TX0168","2025-07-19","Finance","Maintenance","East","Internal","Services","Cheque",4,8000,32562,32000,6,3]
["TX0169","2025-07-20","Procurement","Training","North","External","Subscriptions","Online",20,2500,51364,50000,7,4]
["TX0170","2025-07-21","Operations","Support","West","Contract","CapEx","Cheque",20,500,11532,10000,4,2]
["TX0171","2025-07-22","HR","Support","West","Internal","Services","Online",1,8000,7204,8000,9,2]
["TX0172","2025-07-23","Finance","Maintenance","East","Contract","OpEx","Bank Transfer",43,1000,40423,43000,5,4]
["TX0173","2025-07-24","HR","Support","West","Internal","OpEx","Bank Transfer",13,500,7402,6500,5,2]
["TX0174","2025-07-25","IT","Maintenance","West","External","Subscriptions","Cheque",23,1000,22429,23000,6,5]
["TX0175","2025-07-26","Operations","Licensing","South","Contract","Services","Bank Transfer",29,500,15515,14500,6,3]
["TX0176","2025-07-27","Operations","Support","South","External","CapEx","Cheque",26,1000,25902,26000,5,5]
["TX0177","2025-07-28","Finance","Maintenance","South","Internal","CapEx","Bank Transfer",33,500,16431,16500,8,4]
["TX0178","2025-07-29","IT","Licensing","South","External","Subscriptions","Cheque",15,8000,126562,120000,7,5]
["TX0179","2025-07-30","HR","Licensing","West","Internal","Subscriptions","Online",25,5000,135990,125000,8,5]
["TX0180","2025-07-31","IT","Training","North","Contract","Services","Bank Transfer",44,2500,105011,110000,5,5]
["TX0181","2025-08-01","Finance","Licensing","West","Internal","Subscriptions","Bank Transfer",22,5000,106282,110000,7,2]
["TX0182","2025-08-02","HR","Licensing","South","Internal","Services","Cheque",2,2500,5950,5000,3,3]
["TX0183","2025-08-03","Operations","Training","West","Contract","CapEx","Bank Transfer",5,5000,29415,25000,9,5]
["TX0184","2025-08-04","IT","Training","West","Contract","CapEx","Bank Transfer",11,2500,25755,27500,3,2]
["TX0185","2025-08-05","IT","Support","East","External","Services","Bank Transfer",17,2500,48735,42500,2,2]
["TX0186","2025-08-06","Operations","Procurement","North","External","Services","Online",43,1000,47118,43000,9,4]
["TX0187","2025-08-07","Procurement","Support","South","Internal","Services","Online",44,1000,49602,44000,1,5]
["TX0188","2025-08-08","Operations","Training","South","Internal","CapEx","Cheque",17,1000,15804,17000,8,4]
["TX0189","2025-08-09","Finance","Procurement","South","Contract","OpEx","Online",38,500,17478,19000,5,3]
["TX0190","2025-08-10","HR","Support","West","External","OpEx","Online",37,5000,170188,185000,6,4]
["TX0191","2025-08-11","HR","Procurement","South","Internal","OpEx","Online",29,5000,146819,145000,7,4]
["TX0192","2025-08-12","IT","Training","North","Contract","CapEx","Cheque",25,1000,28297,25000,8,5]
["TX0193","2025-08-13","HR","Procurement","East","Contract","CapEx","Online",24,8000,220873,192000,6,2]
["TX0194","2025-08-14","Operations","Training","West","Contract","CapEx","Bank Transfer",20,5000,115605,100000,1,4]
["TX0195","2025-08-15","IT","Maintenance","East","Internal","OpEx","Cheque",8,8000,64639,64000,10,5]
["TX0196","2025-08-16","IT","Support","South","Contract","OpEx","Cheque",31,1000,35742,31000,3,4]
["TX0197","2025-08-17","Operations","Support","South","Contract","CapEx","Cheque",16,500,7601,8000,9,3]
["TX0198","2025-08-18","Finance","Training","North","Contract","Services","Bank Transfer",25,8000,215889,200000,6,3]
["TX0199","2025-08-19","Procurement","Maintenance","South","Contract","Services","Online",41,1000,43709,41000,4,5]
["TX0200","2025-08-20","Procurement","Training","West","External","CapEx","Online",19,500,9303,9500,6,4]